Технико-экономические расчеты распределительных электрических сетей: учебное пособие для вузов

Opis bibliograficzny
1. autor: Хорольский В. Я. Владимир Яковлевич
Kolejni autorzy: Таранов М. А. Михаил Алексеевич, Петров Д. В. Денис Васильевич
Streszczenie:В учебном пособии изложены теоретические и практические положения по проведению технико-экономических расчетов распределительных электрических сетей. Экономические расчеты базируются на общепринятой в мировой практике системе показателей для оценки инвестиционных проектов в условиях рыночной экономики. Разработанные рекомендации подкреплены рассмотрением примеров по расчету технико-экономических показателей. В приложениях приведены необходимые справочные данные.
Język:rosyjski
Wydane: Москва, Инфра-М, 2015
Seria:Высшее профессиональное образование. Бакалавриат
Hasła przedmiotowe:
Format: MixedMaterials Książka
KOHA link:https://koha.lib.tpu.ru/cgi-bin/koha/opac-detail.pl?biblionumber=267933

MARC

LEADER 00000nam0a2200000 4500
001 267933
005 20231101234124.0
010 |a 9785911349417 
010 |a 978-5-16-010100-2 
035 |a (RuTPU)RU\TPU\book\291046 
090 |a 267933 
100 |a 20140822d2015 m y0rusy50 ca 
101 0 |a rus 
102 |a RU 
105 |a a j 001zy 
200 1 |a Технико-экономические расчеты распределительных электрических сетей  |e учебное пособие для вузов  |f В. Я. Хорольский, М. А. Таранов, Д. В. Петров 
210 |a Москва  |c Инфра-М  |c Форум  |d 2015 
215 |a 95 с.  |c ил. 
225 1 |a Высшее профессиональное образование. Бакалавриат 
320 |a Библиогр.: с. 73-74. 
330 |a В учебном пособии изложены теоретические и практические положения по проведению технико-экономических расчетов распределительных электрических сетей. Экономические расчеты базируются на общепринятой в мировой практике системе показателей для оценки инвестиционных проектов в условиях рыночной экономики. Разработанные рекомендации подкреплены рассмотрением примеров по расчету технико-экономических показателей. В приложениях приведены необходимые справочные данные. 
606 1 |a Электрические сети, распределительные  |x Технико-экономические расчеты  |2 stltpush  |3 (RuTPU)RU\TPU\subj\27485  |9 51234 
610 1 |a технико-экономическое обоснование 
610 1 |a инвестиционные проекты 
610 1 |a надежность 
610 1 |a электрические сети 
610 1 |a экономические показатели 
610 1 |a модернизация 
610 1 |a учебные пособия 
675 |a 621.316.11(075.8)  |v 3 
700 1 |a Хорольский  |b В. Я.  |g Владимир Яковлевич 
701 1 |a Таранов  |b М. А.  |g Михаил Алексеевич 
701 1 |a Петров  |b Д. В.  |g Денис Васильевич 
801 1 |a RU  |b 63413507  |c 20140822 
801 2 |a RU  |b 63413507  |c 20150609  |g RCR 
900 |a Электрические системы и сети 
942 |c BK 
954 |b 140400  |l 8 
959 |a 89/20140527  |d 5  |e 259,90  |f ЧЗТЛ:1  |f АНЛ:1  |f УФ:3